| 000 | 00366nam a2200121Ia 4500 | ||
|---|---|---|---|
| 005 | 20251222143237.0 | ||
| 008 | 251222s9999||||xx |||||||||||||| ||spa|| | ||
| 020 | _a92-64-10320-1 | ||
| 082 | _a658.022/O65 | ||
| 245 | 0 | _aIniciativa Empresarial y Desarrollo Económico Local: | |
| 264 | _bOrganización para la Cooperación y el Desarrollo Económicos | ||
| 942 | _cLIB | ||
| 999 |
_c14417 _d14417 |
||